The pesticide manual : a world compendium : incorporating the agrochemicals handbook /

Bibliographic Details
Corporate Authors: British Crop Protection Council, Royal Society of Chemistry (Great Britain). Information Services
Other Authors: Tomlin, Clive
Format: Book
Language:English
Published: Farnham, Surrey : Cambridge : British Crop Protection Council ; Royal Society of Chemistry, Information Sciences, [1994]
Edition:Tenth edition.
Subjects:

MARC

Tag First Indicator Second Indicator Subfields
LEADER 00000cam a2200000 a 4500
001 in00004480098
005 20230308150948.1
008 950104s1994 enka f 001 0 eng d
020 |a 0948404795 
035 |a (OCoLC)31766333 
035 |z (UtOrBLW)20685 
035 |a 33413 
040 |a GMI  |c GMI  |d AGL  |d GZM  |d TMV  |d UtOrBLW 
049 |a TMVM  |c 1 
060 4 |a SB 951  |b P476 1994 
245 0 4 |a The pesticide manual :  |b a world compendium : incorporating the agrochemicals handbook /  |c editor, Clive Tomlin. 
250 |a Tenth edition. 
264 1 |a Farnham, Surrey :  |b British Crop Protection Council ;  |a Cambridge :  |b Royal Society of Chemistry, Information Sciences,  |c [1994] 
264 4 |c ©1994 
300 |a xxxv, 1341 pages :  |b illustrations ;  |c 24 cm. 
336 |a text  |2 rdacontent  |b txt 
337 |a unmediated  |2 rdamedia 
338 |a volume  |2 rdacarrier  |b nc 
500 |a "Crop Protection Publications." 
500 |a Includes indexes. 
650 2 |a Pesticides. 
650 2 |a Agrochemicals. 
655 2 |a Handbook. 
700 1 |a Tomlin, Clive. 
710 2 |a British Crop Protection Council. 
710 2 |a Royal Society of Chemistry (Great Britain).  |b Information Services. 
740 0 |a Agrochemicals handbook. 
999 |a MARS 
999 f f |s 4a597c9c-cb40-375d-90af-4c0d7bca8e62  |i 080249dc-7cae-38a0-84cf-b15aafecf31c  |t 0 
952 f f |p ric  |a Texas A&M University  |b Rellis Campus  |c Joint Library Facility  |d Remote Storage  |t 0  |e SB 951 P476 1994  |h National Library of Medicine classification  |i unmediated -- volume  |m 3238901161999 
998 f f |a SB 951 P476 1994  |t 0  |l Remote Storage